Manejo y conservación de la fauna silvestre en ecosistemas estratégicos de la región andina oriental, compartidos por CORPOCHIVOR, CAR, CORPOBOYACA y CORPOGUAVIO (Registro nro. 3952)

Detalles MARC
000 -CABECERA
Campo de control 01123nam a2200277 a 4500
005 - FECHA Y HORA DE LA ULTIMA TRANSACCION
Campo de control 20180803165134.0
008 - ELEMENTOS DE LONGITUD FIJA—INFORMACION GENERAL
Campo de control 140312b2000 ck gr|||| 00| 0 spa d
040 ## - FUENTE DE CATALOGACIÓN
Agencia catalogadora original CO-BoIAVH
Agencia transcriptora CO-BoIAVH
041 ## - IDIOMA
Código de idioma para texto/pista de sonido o título separado Español
044 ## - PAÍS DE PUBLICACIÓN
País de publicación Colombia
082 #4 - NUMERO DE CLASIFICACION DECIMAL DEWEY
Número de clasificación 333.955
Número del ítem M66m
110 2# - ASIENTO PRINCIPAL--NOMBRE CORPORATIVO
Nombre corporativo o de jurisdicción como elemento de entrada Ministerio del Medio Ambiente
245 ## - MENCION DE TITULO
Título Manejo y conservación de la fauna silvestre en ecosistemas estratégicos de la región andina oriental, compartidos por CORPOCHIVOR, CAR, CORPOBOYACA y CORPOGUAVIO
260 ## - PUBLICACION, DISTRIBUCION, ETC. (PIE DE IMPRENTA)
Lugar de publicación, distribución, etc. Bogotá
Nombre del editor, distribuidor, etc. CORPOCHIVOR, CAR, CORPOBOYACA y CORPOGUAVIO
Fecha de publicación, distribución, etc. 2000
300 ## - DESCRIPCION FISICA
Extensión 30 paginas.
Dimensiones 28 x 21 cm.
650 #4 - ASIENTO SECUNDARIO DE MATERIA - TERMINO TEMATICO
Término temático o nombre geográfico como elemento de entrada Paramo Bijagual
650 #4 - ASIENTO SECUNDARIO DE MATERIA - TERMINO TEMATICO
Término temático o nombre geográfico como elemento de entrada Macizo castillejo
650 #4 - ASIENTO SECUNDARIO DE MATERIA - TERMINO TEMATICO
Término temático o nombre geográfico como elemento de entrada macizo cayetano
650 #4 - ASIENTO SECUNDARIO DE MATERIA - TERMINO TEMATICO
Término temático o nombre geográfico como elemento de entrada Conservación
710 ## - ASIENTO SECUNDARIO - NOMBRE CORPORATIVO
Nombre corporativo o de jurisdicción como elemento de entrada ^aCorporación Autónoma Regional de Chivor^sCORPOCHIVOR
710 ## - ASIENTO SECUNDARIO - NOMBRE CORPORATIVO
Nombre corporativo o de jurisdicción como elemento de entrada ^aCorporación Autónoma Regional de Boyacá^sCORPOBOYACA
710 ## - ASIENTO SECUNDARIO - NOMBRE CORPORATIVO
Nombre corporativo o de jurisdicción como elemento de entrada ^aCorporación Autónoma Regional del Guavio^sCORPOGUAVIO
710 ## - ASIENTO SECUNDARIO - NOMBRE CORPORATIVO
Nombre corporativo o de jurisdicción como elemento de entrada ^aCorporación Autónoma Regional de Cundinamarca^sCAR
942 ## - ELEMENTOS ADICIONALES (KOHA)
Tipo de ítem Libro
Sistema de clasificación Dewey Decimal Classification
Koha issues (borrowed), all copies 2
945 ## - PROCESAMIENTO LOCAL
AAAA-MM-DD - Fecha de ingreso o modificacion 2004-07-01
Existencias
Withdrawn status Lost status Sistema de Clasificación Damaged status No para préstamo Colección Inventariado Ubicación Permanente Ubicación actual Fecha de adquisición Fuente de Valor Valor Total Checkouts Número topográfico Inventario / Código de Barras Date last seen Date checked out Ejemplar Price effective from Forma de adquisición Tipo de material
    Dewey Decimal Classification     General Inventariado 2017 Bogotá Bogotá 01/07/2004 Instituto 39000.00 3 LB-333.955 M66m 016278 17/01/2018 17/01/2018 Ej. 1 04/12/2012   Libro